Conflictos de roles y crisis de identidad del profesor en la escuela de hoy (Record no. 64765)

MARC details
000 -CABECERA
campo de control de longitud fija 00577nam a2200217 a 4500
005 - FECHA Y HORA DE LA ÚLTIMA TRANSACCIÓN
campo de control 20210219152946.0
008 - ELEMENTOS DE LONGITUD FIJA--INFORMACIÓN GENERAL
campo de control de longitud fija 991125n 000 0 u
035 ## - NÚMERO DE CONTROL DEL SISTEMA
Número de control de sistema UPN01000068950
100 ## - ASIENTO PRINCIPAL--NOMBRE PERSONAL
Nombre de persona NIPKOW, Karl Ernst
222 ## - TÍTULO CLAVE
Título clave EDUCACION
245 ## - MENCIÓN DE TÍTULO
Título Conflictos de roles y crisis de identidad del profesor en la escuela de hoy
260 ## - PUBLICACIÓN, DISTRIBUCIÓN, ETC.
Lugar de publicación, distribución, etc. ALEMANIA
300 ## - DESCRIPCIÓN FÍSICA
Extensión 97-107
362 ## - FECHAS DE PUBLICACIÓN Y/O DESIGNACIÓN SECUENCIAL
Fecha de publicación y/o designación secuencial 1981 Vol. 23
653 0# - TERMINO DE INDIZACION - NO CONTROLADO
Término no controlado ALUMNOS
653 0# - TERMINO DE INDIZACION - NO CONTROLADO
Término no controlado INTERACCION MAESTRO-ALUMNO
653 0# - TERMINO DE INDIZACION - NO CONTROLADO
Término no controlado MAESTROS
653 0# - TERMINO DE INDIZACION - NO CONTROLADO
Término no controlado RELACIONES HUMANAS
904 ## - ELEMENTOS DE DATOS D LOCAL, LDD (RLIN)
a AC
b 006761
905 ## - TIPO DE MATERIAL
Tipo de material Articulo

No items available.